Altri abusi

Spremljeno u:
Bibliografski detalji
Glavni autor: Busi, Aldo
Format: Knjiga
Izdano: Milano : Leonardo, 1991
Oznake: Dodaj oznaku
Bez oznaka, Budi prvi tko označuje ovaj zapis!

MARC

LEADER 00000nam a22000007i 4500
001 25
003 NUMERAZIONE-ORIGINALE-BRESCIA
005 20260314231150.0
008 051013s1991 it |||||| ||||| |||||c
040 |c arcigay brescia 
100 |a Busi, Aldo 
245 0 |a Altri abusi 
260 |a Milano :  |b Leonardo,  |c 1991 
942 |2 ddc  |c BK  |n 0 
952 |0 0  |1 0  |2 ddc  |4 0  |6 21  |7 0  |9 28203  |a BS  |b BS  |d 2026-02-06  |i 25  |l 0  |o 2-1-*  |r 2026-02-06 22:40:30  |w 2026-02-06  |x [REVISIONARE]  |y BK 
999 |c 23907  |d 23907